| Tag |
First Indicator |
Second Indicator |
Subfields |
| LEADER |
00000cam a2200000 a 4500 |
| 001 |
in00000011440 |
| 005 |
20151007052050.0 |
| 008 |
860106s1987 at 00011 eng |
| 010 |
|
|
|a 86000019
|
| 020 |
|
|
|a 070221969X (pbk.)
|
| 035 |
|
|
|a (OCoLC)13062496
|
| 035 |
|
|
|9 AAA6122AM
|
| 040 |
|
|
|a DLC
|c DLC
|d TXA
|d UtOrBLW
|
| 049 |
|
|
|a TXAM
|c [A12644419]
|
| 050 |
0 |
0 |
|a PR9619.3.D23
|b C57 1987
|
| 082 |
0 |
|
|a 823
|2 19
|
| 100 |
1 |
|
|a Dadswell, Mary,
|d 1943-
|
| 245 |
1 |
0 |
|a Circles of faces :
|b stories /
|c by Mary Dadswell.
|
| 264 |
|
1 |
|a St. Lucia [Brisbane] ;
|a New York :
|b University of Queensland Press,
|c 1987.
|
| 300 |
|
|
|a 200 pages ;
|c 20 cm.
|
| 336 |
|
|
|a text
|b txt
|2 rdacontent
|
| 337 |
|
|
|a unmediated
|b n
|2 rdamedia
|
| 338 |
|
|
|a volume
|b nc
|2 rdacarrier
|
| 999 |
|
|
|a MARS
|
| 999 |
f |
f |
|s dea16cc7-bb97-3983-aed5-1eb2dcd74d15
|i 6280ec88-e872-385b-940c-c6b82c13b439
|t 0
|
| 952 |
f |
f |
|p ric
|a Texas A&M University
|b Rellis Campus
|c Joint Library Facility
|d Remote Storage
|t 0
|e PR9619.3.D23 C57 1987
|h Library of Congress classification
|i unmediated -- volume
|m A14812644419
|
| 998 |
f |
f |
|a PR9619.3.D23 C57 1987
|t 0
|l Remote Storage
|